Aztecs of México: origin, rise and fall of the Aztec Nation

Na minha lista:
Detalhes bibliográficos
Autor principal: Vaillant, George Clapp (Author)
Formato: Livro
Idioma:inglês
Publicado em: Nueva York Doubleday 1953
Assuntos:
Tags: Adicionar Tag
Sem tags, seja o primeiro a adicionar uma tag!

MARC

LEADER 00000nam a2200000 a 4500
001 UCX2563
003 CL-VaPUC
008 910626e19530000US |||||||||||||||||eng|d
082 0 4 |a 972.00497  |b VAI  |2 21 
100 0 |a Vaillant, George Clapp  |e author  |9 318530 
245 1 0 |a Aztecs of México: origin, rise and fall of the Aztec Nation 
300 |a 340 p 
942 |c BK 
945 |d 19910626 00:00:00 
260 |a Nueva York  |b Doubleday  |c 1953 
650 0 |a Aztecas  |9 265930 
650 7 |a HISTORIA HASTA 1519  |2 CL-VaPUC  |9 318531 
651 0 |a México  |9 255269 
583 |a last modification  |c 19910626 00:00:00  |k Rodrigo Vera 
999 |c 223556  |d 223554 
952 |0 0  |1 0  |4 0  |6 972_004970000000000_VAI_1953  |7 0  |8 A  |9 219474  |a BIBHIS  |b BIBHIS  |d 2019-11-15  |i 2882019  |o 972.00497 VAI 1953  |p 2882019  |r 2025-01-20  |w 2019-11-15  |y BK  |k HIS